000 00809nam a2200217Ia 4500
001 14865
003 GE_BSU
008 181216s||||||||xx |||||||||||||| ||und||
040 _cGE_BSU
080 _a517.955(075.8)
100 _aБалк,М. Б., Виленкин Н.Я., Петров,В.А.
245 _aМатематический анализ. Теория аналитических функций.
245 _bУчебное пособие для студ. -заочн. IV-V курсов физ.-мат.фак. пед. инст-ов.
260 _aМосква
260 _bПросвещение.
260 _c1985
300 _a158 стр. 22см.
653 _aМатематический анализ.
653 _aТеория аналитических функций.
942 _cBK
999 _c47987
_d47987